000 00460nam a2200121 4500
999 _c12744
_d12744
008 190131b ||||| |||| 00| 0 eng d
082 _aDPer 959.9048 P53p May 2013- April 2014 v. 22-23
245 _aOn participating in global development.
260 _aSan Miguel, Manila :
_bOP-Bureau of Communications Services,
_c©May 2013-©Apr 2014.
300 _av22 n3, pages 26-29:
_billustrations;
_c23cm.
650 _aDeveloping countries.
_936208
942 _2ddc
_cPER